000 00402nam a22001577a 4500
005 20251108171757.0
008 250721s1979 xx 000 0 ara d
082 1 4 _a210/محم
100 1 _aالحجار، محمد
245 1 0 _aصوت المنبر /
264 1 _aبيروت :
_bدار الدعوة،
_c1979.
300 _a352ص
650 1 7 _aالإسلام
942 _2ddc
_cBK
999 _c62265
_d62265